000 00998nam a2200301Ia 4500
003 OSt
005 20221007124918.0
006 a|||||r|||| 00| 0
007 ta
008 221006b |||||||| |||| 00| 0 eng d
020 _a9781138406919 (hbk)
024 _a199155
037 _b924, 15/03/2018, Capital Books Pvt.Ltd.
_cTextual
040 _aCDL
_cCDL
_beng
041 _2eng
_aeng
082 _aE5:4, Q6 Carc
100 _aLiskin Dmitry V
_9720965
245 0 _aAdvanced organic synthesis: A laboratory manual
_b Chaloner Penny
260 _aBoca
_bRaton CRC Press
_c2015
300 _axxiii, 107p. ill.
_ccm.
500 _aAppendix 89-101p.; Index 103-107p.
650 _a Asymmetric robinson annulation
_9720966
650 _a Organic compounds
650 _aChemistry
700 _a Chaloner Penny
_9720967
942 _hE5:4, Q6 Carc
_cTEXL
_2CC
999 _c1214370
_d1214370